000
00281nam a22001337a 4500
008
210426b ||||| |||| 00| 0 eng d
041
_a
eng
080
_a
34
082
_a
34
100
_a
15
101
_a
JUR
245
_a
Aspects of Tsonga Law
_c
Hartman,J.B
942
_2
udc
_c
BK
999
_c
56781
_d
56781